| 000 | 00449 a2200133 4500 | ||
|---|---|---|---|
| 020 | _a9789699236013 | ||
| 040 |
_aDLC _bDLC |
||
| 245 |
_aRepresentation theory: Representations of finite and compact groups _cDimitry Leites |
||
| 260 |
_aLahore: _bAbdus Salam School of Mathematical Sciences, _c2009. |
||
| 300 |
_aiv, 110 p. ; _c23 cm. |
||
| 500 | _aInclude Index | ||
| 650 | _a1.Representations of groups. 2.Finite groups. | ||
| 942 |
_cBK _k512.2 LEI _2ddc |
||
| 999 |
_c10138 _d10138 |
||